000
00320nam a2200133Ia 4500
100
_a
Sadashiv Ganekar
650
_a
General
942
_c
BK
654
_a
Manld shetra vikas kalachi karaj
245
_a
Manld shetra vikas kalachi karaj
260
_b
viderb lok vikas munch
_a
Nagpur
300
_a
60
546
_a
MARATHI
999
_c
20114
_d
20114